[Event "Christmas Congress"]
[Site "?"]
[Date "1978.12.29"]
[Round "2"]
[White "Bailey, B."]
[Black "Shuck, G."]
[Result "0-1"]
[WhiteElo "1786"]
[BlackElo "1577"]
[Annotator "Stockfish 12 (15s)"]
[PlyCount "74"]

{B03: Alekhine's Defence: Four Pawns Attack} 1. e4 Nf6 2. e5 Nd5 3. d4 d6 4. c4
Nb6 5. exd6 exd6 6. Nf3 Bf5 7. Bd3 Bxd3 8. Qxd3 Be7 9. b3 $146 (9. Nc3 O-O 10.
O-O Re8 (10... Nc6 11. b3 Bf6 12. Bf4 d5 13. Rad1 Qd7 14. Ne5 Bxe5 15. dxe5 d4
16. Qg3 Kh8 17. Rfe1 Rae8 18. Ne4 Qe7 19. Ng5 h6 20. Nf3 Qc5 21. e6 Rxe6 22.
Rxe6 fxe6 23. Bxc7 Rf7 24. Be5 Kg8 25. h3 {
Mueller,M (2403)-Jugelt,T (2401) Altenkirchen 1999 0-1 (54)}) (10... N8d7 11.
b3 (11. Ne4 Nf6 12. Re1 Re8 13. Bd2 Qd7 14. Nxf6+ Bxf6 15. Bf4 Qg4 16. Be3 Rad8
17. Rab1 a6 18. b4 Nd7 19. h3 Qh5 20. Qc2 Qg6 21. Qa4 Nb6 22. Qb3 Qf5 23. a4 d5
24. cxd5 Nxd5 25. Rbc1 Re6 {
Garcia Dominguez,J-Sousa Fernandez,M Pontevedra 2004 1/2-1/2 (57)}) 11... Re8
12. Bb2 Nf6 13. d5 Nbd7 14. Rae1 Nc5 15. Qd4 Qc8 16. b4 Ncd7 17. Ne4 Nf8 18.
Re2 Ng6 19. Rfe1 Qd7 20. Ng3 b6 21. h4 Bf8 22. h5 Rxe2 23. Rxe2 Ne5 24. Nxe5
dxe5 25. Rxe5 {Sokol,L (2179)-Cierny,L (2083) Slovakia 2004 0-1 (62)}) 11. Re1
N8d7 12. Bf4 Nf6 13. h3 Qd7 14. b3 Bf8 15. Bg5 Be7 16. Bxf6 Bxf6 17. Ne4 Be7
18. Neg5 g6 19. Ne4 f5 20. Ng3 Bf6 21. Rad1 Rxe1+ 22. Rxe1 Re8 23. Rxe8+ Qxe8 {
Berndt,R (1569)-Bachmann,D (1420) Bielefeld 2006 1/2-1/2 (37)}) 9... O-O 10.
Nbd2 (10. O-O Na6 $14) 10... Bf6 11. O-O g6 $2 (11... d5 12. Ba3 Re8 13. Rfd1
$11) 12. Bb2 (12. Ne4 $142 Bg7 13. Bg5 $18) 12... d5 13. Rab1 (13. Rad1 Nc6 $14
) 13... Nc6 (13... Re8 14. Rfd1 $11) 14. cxd5 (14. Rfe1 $5 $14) 14... Qxd5 $11
15. Ne4 Bg7 16. Nc3 Qd7 17. Rfd1 Rad8 (17... Rfe8 18. a3 $17) 18. Qe4 (18. Ne4
$5 $15) 18... Rfe8 $17 19. Qh4 $2 (19. Qf4 Ne7 $17) 19... Qe7 $4 (19... Qf5 20.
h3 h5 21. Qg5 Qxg5 22. Nxg5 Nxd4 23. Kf1 $19) 20. Qf4 $2 (20. Qxe7 Nxe7 21. h3
Nf5 $17) 20... Qd6 $4 (20... Nxd4 $142 21. Nxd4 Rxd4 $19) 21. Qh4 (21. Qxd6
Rxd6 (21... cxd6 $143 22. Ba3 $11) 22. Nb5 Rd7 $15) 21... Qf6 (21... Nxd4 $4
22. Nxd4 Qb4 23. Nf5 Qxh4 24. Nxh4 $18) 22. Qg4 $4 (22. Qxf6 Bxf6 23. Na4 Nxa4
24. bxa4 Rd5 $17) 22... a6 (22... Nxd4 $142 $5 23. Nxd4 Rxd4 24. Nd5 Rxd1+ 25.
Qxd1 $19) 23. Ne4 $2 (23. d5 $142 h5 24. Qg3 $15) 23... Qe6 $4 (23... Qe7 $142
24. Neg5 h6 $19) 24. Qxe6 $16 fxe6 25. Nc5 Rb8 26. Re1 Nd8 27. Re2 Nd5 28. g3
h6 (28... b6 $5 29. Nd3 a5 $16) 29. Rbe1 $18 Kf7 30. Nd7 (30. h4 Rc8 $18) 30...
Rc8 (30... Ra8 31. Nfe5+ Bxe5 32. Nxe5+ (32. dxe5 $6 Nc6 $11) (32. Rxe5 $6 a5
$16) 32... Kg7 33. Ng4 $18) 31. Nfe5+ Bxe5 32. Nxe5+ (32. dxe5 $6 Nc6 33. Nc5
b6 $11) (32. Rxe5 $6 Nc6 33. R5e4 b6 $11) 32... Kg7 33. Bc1 c5 $4 (33... a5
$142 $18) 34. dxc5 Rxc5 35. Bb2 Kh7 36. Nd7 (36. Rd1 $142 Rc7 37. Nxg6 Kxg6 38.
Rxd5 exd5 39. Rxe8 Rd7 $18) 36... Rc7 37. Rxe6 (37. Nf6+ $142 Nxf6 38. Bxf6 $18
) 37... Nxe6 $19 (37... Nxe6 38. Rxe6 Rxe6 39. Nf8+ Kg8 40. Nxe6 Rc2 $19) 0-1

[Event "Seattle Class"]
[Site "?"]
[Date "1981.11.14"]
[Round "1"]
[White "Bailey, B."]
[Black "Findley, J."]
[Result "1-0"]
[WhiteElo "1797"]
[BlackElo "1600"]
[Annotator "Stockfish 14 (15s)"]
[PlyCount "69"]

{B01: Scandinavian Defence} 1. e4 d5 2. exd5 Nf6 3. d4 Nxd5 4. Nf3 Bg4 5. Be2
Nc6 6. O-O Qd7 (6... g6 7. c4 Nb6 8. d5 Bxf3 9. Bxf3 Ne5 10. Be2 Bg7 11. Nc3 c6
12. Qb3 O-O 13. Rd1 cxd5 14. c5 Nbd7 15. Qxd5 e6 16. Qxb7 Nxc5 17. Rxd8 Nxb7
18. Rxa8 Rxa8 19. Be3 Nd6 20. Bc5 Nec4 21. Rc1 {
Geller,E (2585)-Tan Lian Ann (2365) Petropolis 1973 1-0 (52)}) 7. c4 (7. Re1 f6
8. c4 Nb6 9. b3 O-O-O 10. d5 Nb4 11. a3 Na6 12. Nc3 h5 13. h3 Bxh3 14. gxh3
Qxh3 15. Bf1 Qg4+ 16. Kh2 e6 17. Bh3 Bd6+ 18. Re5 Qg6 19. Bxe6+ Kb8 20. Nh4 Qe8
21. Bf4 fxe5 {Nutt,J-Wan,D Brisbane 2006 0-1}) 7... Nb6 8. Bf4 $146 (8. d5 Bxf3
9. Bxf3 Ne5 10. b3 g6 11. Bb2 Bg7 12. Nc3 O-O 13. Be2 Rad8 14. f4 Qd6 15. fxe5
Qxe5 16. Qd2 c6 17. Nd1 Qd6 18. Bxg7 Kxg7 19. Qc3+ Kg8 20. c5 {
1-0 (20) Fronda,J-Nemcova,K Chalkidiki 2003}) (8. d5 Bxf3 9. Bxf3 Ne5 $18) 8...
O-O-O (8... e6 $142 9. Nc3 Rd8 $16) 9. Nc3 $4 (9. d5 $142 Qf5 10. Bg3 Bxf3 11.
Bxf3 $18 (11. gxf3 $6 h5 12. Bd3 Qd7 $11)) 9... Nxd4 $4 (9... Bxf3 $142 10.
Bxf3 Qxd4 (10... Nxd4 $143 11. c5 Nxf3+ 12. Qxf3 $16) 11. Bxc6 Qxd1 12. Bxb7+
Kxb7 13. Rfxd1 Rxd1+ 14. Nxd1 g6 $11) 10. Nxd4 $18 Bxe2 11. Ncxe2 e5 (11... g5
12. Bxg5 Qg4 13. Qc1 $18) 12. Bxe5 Nxc4 13. Bg3 Bc5 (13... Bd6 14. Bxd6 Qxd6
15. Qc2 $18) 14. Qc2 (14. Rc1 $142 Bxd4 15. Nxd4 Qxd4 $18) 14... Bxd4 15. Qxc4
Bxb2 (15... Bb6 16. Rac1 $18) 16. Rab1 Bf6 17. Rfc1 c6 (17... Kb8 18. Bxc7+ Ka8
$18) 18. Qf4 Qe7 19. Qb8+ Kd7 20. Rxb7+ Ke8 21. Rxe7+ Kxe7 22. Qxa7+ (22. Qb4+
c5 23. Qxc5+ Ke8 24. Nd4 Be7 25. Re1 Rd7 26. Rxe7+ Kd8 27. Nc6+ Kc8 28. Nxa7+
Kb7 29. Qc6+ Kxa7 30. Rxd7#) 22... Kf8 $18 23. h3 g6 24. Rxc6 Kg7 25. Rc7 (25.
Rxf6 Rd1+ 26. Kh2 Kxf6 27. Qb6+ Ke7 28. Qc7+ Ke8 29. Be5 Rd7 30. Qc8+ Rd8 31.
Qc6+ Kf8 32. Nd4 h5 33. Qf6 Rxd4 34. Bxd4 Ke8 35. Qc6+ Kf8 36. Bf6 Kg8 37. Qa8+
Kh7 38. Qxh8#) 25... Rhf8 $18 26. Qa6 Rfe8 27. Qc4 Be7 28. Be5+ f6 29. Qe6 Rd1+
(29... Kf8 30. Nc3 fxe5 31. Ne4 Rd1+ 32. Kh2 h5 33. Qxg6 Red8 34. Ng5 Rh1+ 35.
Kxh1 Rd1+ 36. Kh2 Rh1+ 37. Kxh1 e4 38. Ne6#) 30. Kh2 fxe5 31. Rxe7+ (31. Nc3
Rd4 32. Qxe5+ Kg8 33. Qxd4 Rd8 34. Qc4+ Kf8 35. Ne4 Re8 36. Qe6 h5 37. Nf6 Kg7
38. Rxe7+ Kh6 39. Rh7+ Kg5 40. Ne4+ Kf4 41. Rf7#) 31... Rxe7 32. Qxe7+ Kh6 (
32... Kg8 33. Nc3 Rd4 34. Qe8+ Kg7 35. Qxe5+ Kf7 36. Qxd4 g5 37. Qe5 g4 38. Nd5
g3+ 39. fxg3 h6 40. Qf6+ Kg8 41. Ne7+ Kh7 42. Qg6+ Kh8 43. Qxh6#) 33. h4 (33.
Qf8+ Kh5 34. g4+ Kg5 35. f4+ exf4 36. Qxf4+ Kh4 37. Qh6#) 33... Re1 (33... Rd7
34. Qf8+ Rg7 35. Ng3 e4 36. Qf6 Rf7 37. Nf5+ Kh5 38. Qg5#) 34. g4 Rxe2 (34...
Rh1+ 35. Kxh1 e4 36. Qf8#) 35. Qf8# 1-0

[Event "Seattle Class"]
[Site "?"]
[Date "1981.11.14"]
[Round "2"]
[White "Young, W."]
[Black "Bailey, B."]
[Result "0-1"]
[WhiteElo "1764"]
[BlackElo "1797"]
[Annotator "Stockfish 14 (15s)"]
[PlyCount "42"]

{C45: Scotch Game} 1. e4 e5 2. Nf3 Nc6 3. d4 exd4 4. Nxd4 Nf6 5. Nxc6 bxc6 6.
e5 Nd5 7. c4 Ne7 8. Bd3 Ng6 9. Qh5 $146 (9. O-O d6 10. exd6 (10. Be4 Bd7 11.
exd6 cxd6 12. Re1 Be7 13. Bxg6 hxg6 14. Qxd6 Kf8 15. Qg3 Be6 16. b3 Qd4 17. Nc3
Bd6 18. Be3 Bxg3 19. Bxd4 Bxh2+ 20. Kf1 Bc7 21. f3 Ba5 22. Kf2 Rh5 23. Rac1 Ke7
24. Red1 Bb6 {Stoica,V (2420)-Vaisman,V (2400) Bucharest 1978 1/2-1/2}) 10...
Bxd6 11. Qe2+ (11. Re1+ Be6 12. Be4 O-O 13. Bxc6 Rb8 14. Bd5 Bxd5 15. Qxd5 Re8
16. Rd1 Bxh2+ 17. Kf1 Qe7 18. Nc3 Rbd8 19. Qh5 Rxd1+ 20. Qxd1 Be5 21. g3 c6 22.
Qf3 Qe6 23. Be3 Qxc4+ 24. Qe2 Qe6 25. Bxa7 Qd7 {
Dujkovic,S (2407)-Chadaev,N (2459) Herceg Novi 2006 0-1 (36)}) 11... Be6 12. f4
O-O 13. f5 Ne5 14. fxe6 Nxd3 15. exf7+ Rxf7 16. Rxf7 Kxf7 17. Nc3 Qh4 18. g3
Qxc4 19. Bg5 Rb8 20. Rb1 h6 21. Be3 a5 22. Nd1 Re8 23. Nf2 Rxe3 {
Kozin,Y-Zaitsev,I Moscow 1966 0-1 (47)}) (9. Bxg6 fxg6 10. Nc3 Bb4 11. Bd2 Ba6
12. Qa4 Bxc3 13. Bxc3 Bc8 14. O-O d6 15. Qxc6+ Bd7 16. Qe4 dxe5 17. Qxe5+ Qe7
18. Qxg7 Qxg7 19. Bxg7 Rg8 20. Be5 Rc8 21. Rfe1 Kf7 22. Rad1 Be6 23. b3 Bf5 {
Hapke,N (1117)-Soellig,V (863) Rotenburg/Wuemme 2005 1-0 (32)}) (9. O-O Be7 10.
Re1 O-O $14) 9... Qh4 10. Qxh4 Nxh4 11. O-O Be7 12. f4 Bc5+ 13. Kh1 d5 14. f5 (
14. cxd5 cxd5 15. Nc3 c6 $11) 14... g6 $11 15. g4 $4 (15. cxd5 $142 Bxf5 16.
Bxf5 Nxf5 17. dxc6 $11) 15... h5 $19 16. fxg6 Nxg6 17. g5 Bh3 18. Re1 O-O-O (
18... Bf2 $142 19. Re2 Bb6 $19) 19. Bxg6 (19. Nc3 Rhe8 20. cxd5 cxd5 21. Bd2
Nxe5 22. Ba6+ Kb8 23. Bf1 $19) 19... fxg6 20. Bf4 (20. Nc3 Bf2 21. Re2 $19)
20... Rdf8 21. Bg3 h4 (21... h4 22. Nd2 hxg3 $19) 0-1

[Event "Seattle Class"]
[Site "?"]
[Date "1981.11.14"]
[Round "3"]
[White "Bailey, B."]
[Black "Darby, M."]
[Result "1/2-1/2"]
[WhiteElo "1797"]
[BlackElo "1811"]
[Annotator "Stockfish 14 (15s)"]
[PlyCount "93"]

{B80: Sicilian Scheveningen: 6 g3 and 6 Be3, including English Attack} 1. e4 c5
2. Nf3 e6 3. d4 cxd4 4. Nxd4 Nf6 5. Nc3 d6 6. Bb5+ Bd7 7. O-O a6 (7... Be7 8.
Be3 (8. Bg5 O-O 9. Qd2 h6 10. Be3 Ng4 11. h3 Nxe3 12. Qxe3 Nc6 13. Rfd1 Qa5 14.
Bc4 Rac8 15. Bb3 Ne5 16. f4 Nc4 17. Bxc4 Rxc4 18. a3 e5 19. fxe5 dxe5 20. Nb3
Qc7 21. Qd3 Be6 22. Kh1 Rd8 {
Do Hoang Minh,T-Nguyen Ngoc Thanh,T Thailand 2005 1-0 (56)}) 8... O-O 9. Kh1
Bxb5 10. Ndxb5 a6 11. Nd4 Nc6 12. Qe2 Qc7 13. Rad1 b5 14. a3 Ne5 15. f4 Nc4 16.
Bc1 Nxa3 17. e5 Ne8 18. Rf3 Nc4 19. Re1 Rd8 20. Rh3 dxe5 21. fxe5 Rxd4 22. Qh5
{Kuhn,N-Golda,H (2365) Kahl 1996 0-1}) 8. Bxd7+ Nbxd7 9. Re1 $146 (9. Bg5 Be7
10. Re1 Qc7 11. Qe2 O-O 12. Rad1 Rfe8 13. f4 h6 14. Bh4 Nxe4 15. Nxe4 Bxh4 16.
g3 Be7 17. f5 Bf8 18. Qg4 d5 19. fxe6 fxe6 20. Nf2 e5 21. Nf5 Kh7 22. Nh4 Nf6
23. Qf5+ Kg8 {Salomon,H-Wiesbeck,F (1755) Bad Woerishofen 2000 1-0 (36)}) (9.
f4 g6 $11) 9... Be7 10. Nf3 (10. f4 O-O $15) 10... Qc7 11. Bf4 Ne5 12. Qd4 (12.
Nb1 Rc8 13. c3 Nfd7 $15) 12... Nfd7 13. Bxe5 dxe5 (13... Nxe5 $6 14. Nxe5 dxe5
15. Qa4+ Kf8 16. Red1 $11) 14. Qd2 O-O 15. a3 Rfd8 16. Qe2 Rac8 17. Red1 Nb6
18. Rxd8+ Rxd8 (18... Bxd8 $142 $5 19. g3 h6 $17) 19. Rd1 $15 Rxd1+ 20. Nxd1
Qc4 (20... Nc4 21. a4 $11) 21. Qxc4 Nxc4 22. a4 f6 (22... f5 23. Kf1 fxe4 24.
Ne1 $11) 23. b3 Na5 24. Kf1 Nc6 25. Ke2 Kf8 26. c3 Bc5 27. Nd2 Ke7 28. b4 Ba7
29. Nc4 b6 30. Nde3 (30. Ndb2 Nb8 $16) 30... Kd7 31. f3 (31. b5 axb5 32. axb5
Na5 $14) 31... Ne7 32. b5 axb5 33. axb5 Nc8 34. Kd3 Nd6 $2 (34... Bb8 $142 $5
$11) 35. Nxd6 $16 Kxd6 36. Kc4 (36. c4 $142 $5 Bb8 37. Nd1 $16) 36... Bb8 $14
37. Nd1 Bc7 38. Nb2 Bd8 39. Na4 Kc7 40. Nb2 Be7 41. Nd3 Bd6 42. Nb2 Bc5 43. Na4
Be7 44. Kd3 Bf8 45. c4 Be7 46. Ke3 Bd6 47. Kd3 1/2-1/2

[Event "Seattle Class"]
[Site "?"]
[Date "1981.11.15"]
[Round "4"]
[White "Butler, D."]
[Black "Bailey, B."]
[Result "0-1"]
[WhiteElo "1801"]
[BlackElo "1797"]
[Annotator "Stockfish 14 (15s)"]
[PlyCount "64"]

{A07: Réti Opening: New York and Capablanca Systems} 1. Nf3 d5 2. g3 Nf6 3. Bg2
e6 4. O-O Bd6 5. d3 O-O 6. Nbd2 b6 (6... Nbd7 7. Re1 c6 8. e4 dxe4 9. dxe4 e5
10. Nc4 Bc7 11. Nh4 Nb6 12. Ne3 Qxd1 13. Rxd1 Be6 14. b3 Rfd8 15. Bb2 Nfd7 16.
Nhf5 Nc5 17. Ba3 Bxf5 18. Nxf5 Ne6 19. Nd6 Nd4 20. Nc4 Nxc4 {
0-1 (20) Werner,P (1659)-Friedel,R (1452) Dortmund 2006}) 7. e4 Nbd7 (7... dxe4
8. dxe4 e5 9. Re1 Bb7 10. c3 Qe7 11. Qc2 Nbd7 12. Nh4 g6 13. Nc4 Nh5 14. Bh6
Ng7 15. Rad1 Nf6 16. Nxd6 cxd6 17. Qd2 Rfd8 18. Qg5 Nge8 19. b3 Qc7 20. c4 Bc8
21. h3 Nh5 22. Qd2 {
Szenetra,W (2207)-Lauer,M (2105) Bad Wiessee 2001 1/2-1/2 (54)}) 8. Qe2 $146 (
8. Re1 Bb7 9. e5 Be7 10. exf6 Nxf6 11. b3 c5 12. Bb2 Qc7 13. Nf1 Nd7 14. Ne5 f6
15. Nxd7 Qxd7 16. Qg4 Bc8 17. c4 Qc7 18. Qe2 Re8 19. cxd5 Bd6 20. dxe6 Rxe6 21.
Bd5 Bb7 22. Qxe6+ {1-0 (22) Dalauta,R-Liao Chun Che Singapore 2004}) (8. b3 Bb7
9. Re1 dxe4 10. dxe4 e5 11. Bb2 Ne8 12. Qe2 Qe7 13. Rad1 Rd8 14. Nh4 g6 15. Bh3
Nc5 16. Ng2 Ne6 17. Ne3 Nd4 18. Qf1 c6 19. c3 Ne6 20. Ndc4 Nc5 21. Nxd6 Nxd6
22. f3 Ba6 {Sonnenhol,W-Wolff,C Itapiruba 1997 1/2-1/2 (35)}) (8. Re1 $142 $5
dxe4 9. dxe4 $16) 8... dxe4 $11 9. dxe4 e5 10. Nc4 Ba6 11. Rd1 Qe7 12. Nfd2
Rad8 (12... Qe6 13. b3 $15) 13. Qe1 $11 Bc5 14. Ne3 Bxe3 15. Qxe3 Nc5 16. b3 (
16. Qa3 Bb5 17. Re1 Rfe8 $11) 16... Rd6 (16... Ne6 $5 17. Bb2 Nd4 18. Bxd4 exd4
$17) 17. Ba3 $11 Rfd8 18. Bxc5 (18. Bf3 Rd4 19. Bb2 R4d6 $11) 18... bxc5 $15
19. Bf3 (19. Qxc5 $4 Qe6 20. Qe3 Qd7 $19) 19... Rd4 20. Nf1 Bb7 21. c3 (21. Qe2
$5 g6 22. c3 Rxd1 23. Rxd1 Rxd1 24. Qxd1 Bxe4 25. Bxe4 Nxe4 26. Qf3 $15) 21...
Rxd1 $17 22. Rxd1 Rxd1 23. Bxd1 Bxe4 (23... Nxe4 $6 24. Bf3 f5 25. g4 $11) 24.
Nd2 (24. Bf3 Bf5 $17) 24... Bb7 (24... Bf5 $142 $17) 25. f4 $4 (25. Bf3 $142 e4
26. Bg2 $17) 25... Nd5 $19 26. Qf3 (26. Qe4 exf4 27. Qxe7 Nxe7 28. gxf4 $19)
26... exf4 27. c4 (27. Qe4 fxg3 28. hxg3 $19) 27... Qe1+ 28. Nf1 Ne3 29. Qe2 (
29. Qxf4 Nxd1 30. Qd2 Qxd2 31. Nxd2 Kf8 $19) 29... Qxd1 30. Qxd1 Nxd1 31. gxf4
Nc3 32. a3 Ne2+ (32... Ne2+ 33. Kf2 Nxf4 $19) 0-1

[Event "Seattle Class"]
[Site "?"]
[Date "1981.11.15"]
[Round "5"]
[White "Bailey, B."]
[Black "Peterson, P."]
[Result "1/2-1/2"]
[WhiteElo "1797"]
[BlackElo "1783"]
[Annotator "Stockfish 14 (15s)"]
[PlyCount "123"]

{C05: French Tarrasch: 3...Nf6 4 e5 Nfd7, 5 f4 and 5 Bd3 sidelines} 1. e4 e6 2.
d4 d5 3. Nd2 Nf6 4. e5 Nfd7 5. Nb3 c5 6. c3 Nc6 7. Qg4 $146 (7. Bb5 cxd4 8.
cxd4 Qb6 9. Bxc6 bxc6 10. Bd2 Ba6 11. Ne2 c5 12. Bc3 cxd4 13. Qxd4 Qb5 14. Qd2
Nc5 15. Nxc5 Bxc5 16. b4 Be7 17. a4 Qc4 18. b5 Bb7 19. O-O Qe4 20. Ng3 Qh4 21.
Qd4 Qxd4 {Alonso Velazquez,L-Ancheyta Tejas,V Merida 1997 1/2-1/2 (52)}) (7.
Be3 cxd4 8. cxd4 f6 (8... Bb4+ 9. Bd2 (9. Nd2 O-O 10. Ngf3 f6 11. exf6 Qxf6 12.
a3 Bd6 13. g3 e5 14. Bg2 e4 15. Nh4 Nb6 16. Qh5 Be6 17. O-O g6 18. Qd1 g5 19.
f3 gxh4 20. fxe4 Qg7 21. e5 Be7 22. Bf4 hxg3 23. Nb3 gxh2+ {
Clemens,J-Arseneau,P Edmonton 2000 0-1}) 9... f6 (9... Bxd2+ 10. Qxd2 O-O 11.
Nf3 Qe7 12. a3 b6 13. Bb5 Bb7 14. Rc1 Rac8 15. O-O f6 16. exf6 gxf6 17. Rc3 a6
18. Bd3 f5 19. Re1 Ncb8 20. Rxc8 Bxc8 21. Qf4 Kh8 22. Ng5 h6 23. Nxe6 Rf6 24.
Qe3 {Johansson,K-Andersson,J Jonkoping 1987 1-0 (62)}) 10. f4 fxe5 11. Bxb4
Nxb4 12. Qd2 a5 13. dxe5 O-O 14. Nf3 Qb6 15. g3 a4 16. Nbd4 Nc5 17. a3 Nc6 18.
Rd1 Ne4 19. Qc2 Qa5+ 20. Ke2 Bd7 21. Nxc6 Bxc6 22. Nd4 Rac8 23. Qb1 {
Thielemann,J (1963)-Johannsen,I (2175) Dresden 2006 0-1 (38)}) 9. f4 fxe5 10.
fxe5 Bb4+ 11. Nd2 Qh4+ 12. g3 Qe4 13. Qh5+ g6 14. Qf3 Qc2 15. Bb5 Bxd2+ 16.
Bxd2 Qxb2 17. Bxc6 Qxa1+ 18. Ke2 bxc6 19. Nh3 Qxd4 {
0-1 (19) Ang,J-Ziegler,A (2335) Los Angeles 1993}) (7. f4 c4 8. Nd2 Qa5 $14)
7... c4 $4 (7... cxd4 $142 8. cxd4 Qb6 $17) 8. Nd2 $11 Ne7 (8... b5 9. Be2 $14)
9. h4 (9. a4 Nf5 10. Be2 Be7 $16) 9... h5 10. Qd1 b5 11. b4 $4 (11. Ne2 $142 $5
$16) 11... Nb6 $4 (11... a5 $142 12. a3 f6 13. exf6 Nxf6 14. bxa5 Nf5 $19) 12.
Nh3 $4 (12. a3 $142 $5 $11) 12... Nf5 $4 (12... a5 $142 13. bxa5 Na4 $19) 13.
g3 $4 (13. a3 $142 a5 14. bxa5 $17) 13... Be7 (13... a5 $142 14. Nf4 axb4 $19)
14. Nf4 $4 (14. a3 a5 15. Rb1 axb4 16. axb4 Bd7 $14) 14... g6 $4 (14... Na4
$142 15. Qc2 Bxb4 $19) 15. Bh3 (15. a3 a5 16. Rb1 axb4 17. axb4 Ra2 $14) 15...
Na4 (15... a5 $5 16. Bxf5 gxf5 $14) 16. Bxf5 $16 exf5 17. Qc2 Be6 18. Nf1 (18.
Nf3 a5 19. Ba3 Kd7 $16) 18... Kd7 (18... a5 19. Ba3 $14) 19. Ne3 $14 Kc6 20.
Nd1 (20. Ke2 $5 $16) 20... a6 21. Nb2 Nxb2 22. Qxb2 (22. Bxb2 $143 g5 23. hxg5
Bxg5 $15) 22... Ra7 $2 (22... a5 23. a3 $11) 23. Be3 (23. a4 Qb6 24. a5 Qb7 $16
) 23... Qa8 $2 (23... a5 24. a3 $14) 24. Ke2 (24. a4 $142 $5 $16) 24... Qb7 $14
25. a4 Rha8 $2 (25... a5 $142 $5 26. Nxe6 fxe6 $14) 26. a5 $16 Qd7 27. f3 (27.
Ng2 Rh8 $16) 27... Rg8 28. Rag1 Raa8 29. Qc1 Raf8 30. Nh3 Qc8 31. Bg5 Qd7 32.
Rg2 Bxg5 (32... Qd8 33. Qf4 $16) 33. Qxg5 (33. hxg5 $143 Kb7 $18) 33... Qd8 34.
Qf4 Rg7 35. Kd2 Qd7 36. Rhg1 Rgg8 37. Ng5 Rh8 38. Nh3 Kb7 39. Qg5 Qd8 40. Qf6
Kc7 41. Qg5 Qxg5+ (41... Kd7 $142 $16) 42. Nxg5 (42. hxg5 $142 Kd7 43. Rh2 $18)
42... Kd7 $14 43. Ke3 Ke7 44. Kf4 Kd7 45. Nh3 Ke7 46. Kg5 Rfg8 47. Nf4 Rd8 48.
Re2 Rhg8 49. Rf1 Rh8 50. Ref2 Rdg8 51. Ng2 Rg7 52. Ne3 Rgg8 53. Rh2 Rd8 54. Kf4
Rh7 55. Kg5 Rg8 56. Ng2 Rhh8 57. Nf4 Rd8 58. Nh3 Rdg8 59. Kf4 Rd8 60. Ng5 Rdg8
61. Nxe6 (61. Nh3 Rg7 $14) 61... fxe6 $11 62. Kg5 1/2-1/2

[Event "Boeing Class"]
[Site "?"]
[Date "1983.01.18"]
[Round "1"]
[White "McCall, J."]
[Black "Bailey, B."]
[Result "0-1"]
[WhiteElo "1790"]
[BlackElo "2200"]
[Annotator "Stockfish 14 (15s)"]
[PlyCount "66"]

{D35: Queen's Gambit Declined: Exchange Variation} 1. c4 Nf6 2. Nc3 e6 3. g3 d5
4. cxd5 exd5 5. d4 c6 6. Bg2 Bd6 7. Nf3 Nbd7 8. O-O O-O 9. Ne1 (9. a3 Re8 10.
Qc2 Nf8 11. b4 Bg4 12. Bg5 h6 13. Bxf6 Qxf6 14. Qd3 Bf5 15. Qd2 Nd7 16. Na4 b5
17. Nb2 Nb6 18. Rfe1 Nc4 19. Qc3 a5 20. Nd3 Ra7 21. bxa5 Bc7 22. Nb4 Bxa5 23.
e3 c5 {Bayramsahatov,S (2272)-Tu Hoang Thong (2461) Esfahan 2005 0-1 (40)})
9... Re8 10. Nd3 Nf8 11. b4 $146 (11. Bf4 Ng6 12. Bxd6 Qxd6 13. f3 Bf5 14. Nf2
Qb4 15. Qd2 Rad8 16. a3 Qb6 17. Na4 Qb5 18. Nc3 Qb6 19. Rad1 Re7 20. e4 dxe4
21. fxe4 Bg4 22. Nxg4 Nxg4 23. Kh1 h6 24. h3 Nf6 25. d5 cxd5 {
Alcaraz,V-Vedreno Rios,J Albacete 1994 0-1 (77)}) (11. Bf4 Bf5 12. Bxd6 Qxd6
$15) 11... Qb6 $17 12. e3 Bf5 13. a3 a5 14. b5 Ne4 15. Bxe4 $2 (15. Nxe4 $142
$5 dxe4 16. Nf4 Qxb5 17. a4 $17) 15... dxe4 $19 (15... Bxe4 $6 16. bxc6 Qxc6
17. Nxe4 dxe4 18. Nf4 $15) 16. Ne1 $2 (16. Nf4 $19) 16... cxb5 17. Qh5 g6 (
17... Bd7 $142 18. f3 exf3 19. Nxf3 f6 $19) 18. Qh6 $4 (18. Qe2 b4 19. Nd5 $19)
18... Qc6 19. Bb2 b4 (19... Nd7 $142 20. f3 exf3 21. Nxf3 $19) 20. d5 $6 (20.
axb4 axb4 21. d5 bxc3 22. dxc6 cxb2 23. Rb1 $19) 20... Qc4 (20... bxc3 $142 21.
dxc6 cxb2 $19) 21. Nxe4 $1 $18 Be5 (21... Qxe4 22. Qg7# {
Mate attack Clearance Pinning}) (21... Rxe4 22. Qg7# {
Mate attack Clearance Pinning}) (21... Bxe4 22. Qg7# {
Mate attack Clearance Pinning}) (21... -- $140 22. Qg7# {Mate threat}) 22. Nd6
(22. Nf6+ Kh8 23. Nxe8 Ne6 24. Bxe5+ f6 25. dxe6 Qxf1+ 26. Kxf1 Bd3+ 27. Nxd3
Rxe8 28. Bxf6+ Kg8 29. Qg7#) 22... Qxd5 $19 23. Bxe5 Qxe5 (23... Rxe5 $6 24.
Nxf5 Rxf5 25. axb4 $19) 24. Rd1 Red8 25. Nf3 Qf6 26. Qf4 (26. Nxf5 Rxd1 (26...
Qxf5 $6 27. Nd4 Qd5 28. axb4 $17) 27. Rxd1 Qxf5 $19) 26... Ne6 27. Qc4 (27. Qe5
Qxe5 28. Nxe5 $19) 27... Bh3 28. Qe4 (28. Ne1 Bxf1 29. Kxf1 bxa3 $19) 28...
Bxf1 29. Kxf1 Ra6 30. axb4 Raxd6 (30... a4 $142 $5 31. Rc1 Raxd6 32. Kg2 $19)
31. Rxd6 Rxd6 32. bxa5 Nc5 33. Qg4 (33. Qf4 Nd3 34. Qxf6 Rxf6 35. Kg2 $19)
33... Qf5 (33... Qf5 34. Qxf5 gxf5 $19) 0-1

[Event "Boeing Class"]
[Site "?"]
[Date "1983.01.25"]
[Round "2"]
[White "Pitt, A."]
[Black "Bailey, B."]
[Result "1-0"]
[WhiteElo "2248"]
[BlackElo "2200"]
[Annotator "Stockfish 12 (20s)"]
[PlyCount "55"]

{C20: 1 e4 e5: Unusual White second moves} 1. e4 e5 2. d3 Bc5 3. f4 Bxg1 4.
Rxg1 Qh4+ 5. g3 Qxh2 6. Rg2 Qh6 $146 (6... Qh1 7. fxe5 Ne7 8. Nc3 O-O 9. Bg5 f6
10. exf6 d5 11. e5 Bh3 12. Qe2 Nbc6 13. O-O-O Nd4 14. Qf2 Bxg2 15. Bxg2 Qh5 16.
Bf4 Nef5 17. Bxd5+ Kh8 18. g4 Qxg4 19. Rg1 Qh5 20. Qxd4 {
1-0 (20) Frenkel,F (2225)-Colias,B (2290) Philadelphia 1990}) (6... Qh1 7. Qg4
Ne7 8. Qxg7 $18) 7. fxe5 Qe6 (7... Qb6 8. Qg4 Qg6 9. Qf4 $18) 8. Bf4 (8. Nc3
$142 Ne7 9. Bf4 Qb6 $18) 8... f6 (8... g5 9. Bxg5 Qxe5 $18) 9. d4 g5 10. Qh5+ (
10. Be3 $5 d6 11. exd6 cxd6 $18) 10... Qf7 11. Qxf7+ Kxf7 12. Bc4+ Kg6 13. Nd2
(13. Nc3 $142 d6 14. e6 a6 $18) 13... Nc6 14. Nf3 d6 15. e6 Kg7 $4 (15... Na5
$142 16. Nh4+ Kg7 17. Nf5+ Kg6 $18) 16. Bd2 (16. d5 $142 Nge7 17. Be3 $18)
16... g4 $11 17. Nh4 Nxd4 18. Nf5+ Nxf5 19. exf5 Ne7 20. Bd3 b6 21. Rh2 Bb7 $4
(21... h5 $142 $11) 22. Bh6+ $18 Kg8 23. Rh4 Bf3 (23... Ng6 24. Rxg4 Bf3 25.
Rc4 $18) 24. Be4 $3 Ng6 (24... Bxe4 25. Rxg4+ {Decoy Double attack}) 25. fxg6 (
25. Bxf3 $142 gxf3 26. Rg4 $18) 25... Bxe4 26. g7 f5 (26... Re8 27. Rxg4 Rxe6
28. O-O-O $18) 27. gxh8=Q+ Kxh8 28. e7 1-0